000 00430cam a2200169 i 4500
020 _a0582444020 :
040 _cDLC
082 0 0 _a574 LON 1980 A023 Or.
100 1 _aDawes, Edwin A.
245 1 0 _aQuantitative problems in biochemistry /
250 _a6th ed.
260 _aLondon ;
_aNew York :
_bLongman,
_c1980.
300 _aix, 335 p. :
_bill. ;
_c24 cm.
650 0 _aBiochemistry
650 0 _aBiochemistry
942 _cEK
999 _c16252
_d16252